Physics Volume-2 / (Record no. 176719)
[ view plain ]
| 000 -LEADER | |
|---|---|
| fixed length control field | 01270 a2200241 4500 |
| 003 - CONTROL NUMBER IDENTIFIER | |
| control field | Nust |
| 005 - DATE AND TIME OF LATEST TRANSACTION | |
| control field | 20240308093936.0 |
| 010 ## - LIBRARY OF CONGRESS CONTROL NUMBER | |
| LC control number | 92024917 |
| 020 ## - INTERNATIONAL STANDARD BOOK NUMBER | |
| International Standard Book Number | 0471548049 |
| 040 ## - CATALOGING SOURCE | |
| Transcribing agency | Nust |
| 082 00 - DEWEY DECIMAL CLASSIFICATION NUMBER | |
| Classification number | 530,RES |
| 100 1# - MAIN ENTRY--PERSONAL NAME | |
| Personal name | Halliday, David, |
| 9 (RLIN) | 5033 |
| 245 10 - TITLE STATEMENT | |
| Title | Physics Volume-2 / |
| Statement of responsibility, etc. | David Halliday, Robert Resnick, Kenneth S. Krane. |
| 250 ## - EDITION STATEMENT | |
| Edition statement | 4th ed. Volume-2 |
| 260 ## - PUBLICATION, DISTRIBUTION, ETC. | |
| Place of publication, distribution, etc. | New York : |
| Name of publisher, distributor, etc. | Wiley, |
| Date of publication, distribution, etc. | c1992. |
| 300 ## - PHYSICAL DESCRIPTION | |
| Extent | 1216p, v. (various pagings) : |
| Other physical details | ill. (some col.) ; |
| Dimensions | 29 cm. |
| 505 ## - FORMATTED CONTENTS NOTE | |
| Formatted contents note | Electric Charge And Coulomb’s Law (Page-593), The Electric Field (Page-605), Gauss’ Law (Page-627), Electric Potential (Page-651), Capacitors And Dielectrics (Page-677), Grating And Spectra (Page-985), Polarization (Page-1003), Light And Quantum Physics (Page-1021), The Wave Nature Of Matter (Page-1043), The Structure Of Atomic Hydrogen (Page-1069), Atomics Physics (Page-1095), Electrical Conduction In Solids (Page-1115), Nuclear Physics (Page-1141), Energy From The Nucleus (Page-1167), Particle Physics And Cosmology (Page-1189). |
| 650 #0 - SUBJECT ADDED ENTRY--TOPICAL TERM | |
| Topical term or geographic name entry element | Physics Vol-2. |
| 9 (RLIN) | 96056 |
| 700 1# - ADDED ENTRY--PERSONAL NAME | |
| Personal name | Krane, Kenneth S. |
| 9 (RLIN) | 39001 |
| 700 1# - ADDED ENTRY--PERSONAL NAME | |
| Personal name | Resnick, Robert, |
| Dates associated with a name | 1923- |
| 9 (RLIN) | 1506 |
| 856 4# - ELECTRONIC LOCATION AND ACCESS | |
| Materials specified | Table of Contents |
| Uniform Resource Identifier | <a href="http://www.loc.gov/catdir/toc/onix05/92024917.html">http://www.loc.gov/catdir/toc/onix05/92024917.html</a> |
| 942 ## - ADDED ENTRY ELEMENTS (KOHA) | |
| Source of classification or shelving scheme | |
| Koha item type | Reference |
| Withdrawn status | Lost status | Source of classification or shelving scheme | Damaged status | Not for loan | Permanent Location | Current Location | Shelving location | Date acquired | Total Checkouts | Full call number | Barcode | Date last seen | Date last checked out | Price effective from | Koha item type | Public note | Checked out | Total Renewals |
|---|---|---|---|---|---|---|---|---|---|---|---|---|---|---|---|---|---|---|
| Military College of Signals (MCS) | Military College of Signals (MCS) | Reference | 12/12/2016 | 3 | 530, RES | MCS28127 | 01/23/2025 | 01/10/2025 | 12/12/2016 | Reference | Almirah No.19, Shelf No.6 | |||||||
| Military College of Signals (MCS) | Military College of Signals (MCS) | General Stacks | 03/08/2024 | 2 | 530,RES | MCS36243 | 10/16/2024 | 10/16/2024 | 03/08/2024 | Book | Almirah No.15, Shelf No.3 | 11/15/2024 | ||||||
| Military College of Signals (MCS) | Military College of Signals (MCS) | General Stacks | 03/08/2024 | 5 | 530,RES | MCS36357 | 10/21/2025 | 10/21/2025 | 03/08/2024 | Book | Almirah No.15, Shelf No.3 | 11/20/2025 | 1 |
